| 000 | 00368nam a22001457a 4500 | ||
|---|---|---|---|
| 020 | _a9780070648173 | ||
| 040 | _cNust | ||
| 082 |
_a621.43 _bGAN |
||
| 100 |
_aV. Ganesan _9124605 |
||
| 245 | _aInternal Combustion engine | ||
| 250 | _a3rd Edition | ||
| 260 |
_aNew Delhi: _bMcGraw -Hill, _c2008. |
||
| 650 |
_aInternal Combustion engine _956115 |
||
| 942 |
_2ddc _cBK |
||
| 999 |
_c612030 _d612030 |
||